000 00365nam a22001697a 4500
005 20160614143653.0
008 160614b xxu||||| |||| 00| 0 eng d
020 _a81-203-2072-7
041 _aeng
082 _b7467
100 _aHall, Richard H
_91897
245 _aOrganizations
260 _bPHI
300 _a278
650 _aManagement
_9241
942 _cBK
999 _c2671
_d2670